000 00269nam a22001217a 4500
008 181101b xxu||||| |||| 00| 0 eng d
041 _aeng
080 _a579
100 _a11
101 _aMIKB
245 _aPrinciples of Microbiology
_cKrueger, W.W
942 _2udc
_cBK
999 _c51538
_d51538